Sports Quiz

Random Sports or NBA Quiz

NBA Top 200 Scorers (2016-17) Quiz Stats

 Plays Quiz Updated Aug 19, 2017

Challenge
Share
Tweet
Embed
Score 0/200 Timer 20:00
14 Plays Today
Team(s) Player % Correct
OKCRussell Westbrook
98.2%
HOUJames Harden
97.8%
CLELeBron James
97.8%
GSWStephen Curry
97.4%
DALSeth Curry
96.8%
BOSIsaiah Thomas
96.5%
NOPAnthony Davis
96.3%
SAC/NOPDeMarcus Cousins
94.2%
PORDamian Lillard
94.1%
GSWKevin Durant
94%
CLEKyrie Irving
94%
MINKarl-Anthony Towns
93.3%
GSWKlay Thompson
93.1%
TORDeMar DeRozan
92.9%
CLETristan Thompson
92.7%
WASJohn Wall
92.4%
SASKawhi Leonard
92.3%
INDPaul George
91.5%
CHIJimmy Butler
91.5%
NYKCarmelo Anthony
91.5%
MINAndrew Wiggins
90.8%
WASBradley Beal
88.6%
UTAGordon Hayward
87.9%
CHOKemba Walker
87.3%
MEMMarc Gasol
86.9%
SASPau Gasol
86.8%
BRKBrook Lopez
86.1%
TORKyle Lowry
86.1%
CHIRobin Lopez
85.9%
PHODevin Booker
85.7%
BRKTrevor Booker
85.3%
LACBlake Griffin
85.3%
LACChris Paul
85%
PORC.J. McCollum
84.2%
MEMMike Conley
81.3%
MIAHassan Whiteside
81.2%
DALDirk Nowitzki
80%
LAL/HOULou Williams
79.1%
DAL/CLEDeron Williams
78.9%
CHOMarvin Williams
78.9%
CHIDwyane Wade
78.7%
LACDeAndre Jordan
78.2%
MIAGoran Dragic
78.2%
MILGiannis Antetokounmpo
77.8%
DETAndre Drummond
77.5%
CLEKevin Love
76.5%
GSWDraymond Green
76%
SASTony Parker
75.8%
MILJabari Parker
75.7%
ORLJeff Green
75.7%
MEMJaMychal Green
75.7%
ATLPaul Millsap
75.4%
NYKKristaps Porzingis
75.3%
PHOEric Bledsoe
74.3%
SASLaMarcus Aldridge
73.7%
DALHarrison Barnes
72.9%
SASPatty Mills
72.6%
HOUEric Gordon
72.3%
ORLAaron Gordon
72.3%
ATLDwight Howard
71.4%
LALD'Angelo Russell
70.9%
ORL/TORSerge Ibaka
70%
DETReggie Jackson
69.8%
DENNikola Jokic
68.9%
NYKDerrick Rose
68%
ATLDennis Schroder
67.9%
DETIsh Smith
66.5%
Team(s) Player % Correct
INDJeff Teague
66.5%
UTARudy Gobert
65.4%
INDMyles Turner
65%
POREvan Turner
64.9%
UTAJoe Johnson
64.8%
MIATyler Johnson
64.7%
MIAJames Johnson
64.8%
BOSAl Horford
64%
OKCVictor Oladipo
63.6%
OKCSteven Adams
62.8%
LACJ.J. Redick
62.5%
PHIJoel Embiid
61.5%
DETTobias Harris
60.8%
DENGary Harris
60.8%
WASMarcin Gortat
56.1%
ATL/CLEKyle Korver
55.6%
MEMZach Randolph
53.8%
DETMarcus Morris
53.6%
WASMarkieff Morris
53.6%
BOSAvery Bradley
53.5%
NOPJrue Holiday
53.3%
NYKJustin Holiday
53.1%
WASOtto Porter
52.8%
LALJordan Clarkson
52.6%
LACJamal Crawford
52.6%
CHONicolas Batum
52.2%
OKCEnes Kanter
51.5%
BOSJae Crowder
51.2%
HOURyan Anderson
51%
UTAGeorge Hill
50.9%
DAL/PHIJustin Anderson
50.9%
NOPSolomon Hill
50.9%
LALJulius Randle
50.2%
ORLNikola Vucevic
49.5%
HOUTrevor Ariza
49.2%
MINRicky Rubio
49.1%
ORLElfrid Payton
48.7%
DENWilson Chandler
47.9%
LALNick Young
47.7%
INDThaddeus Young
47.6%
HOUClint Capela
46.8%
DENDanilo Gallinari
45.9%
MINZach LaVine
45.5%
LALBrandon Ingram
45.1%
ORLEvan Fournier
44.4%
CHIRajon Rondo
44.3%
DETKentavious Caldwell-Pope
43.5%
DEN/PORJusuf Nurkic
43.5%
MIADion Waiters
43.3%
PHIDario Saric
42%
BOSMarcus Smart
41.4%
INDAl Jefferson
40.5%
CHI/OKCTaj Gibson
40.2%
TORJonas Valanciunas
39.9%
NOP/SACBuddy Hield
39.3%
NYKCourtney Lee
39.3%
MILGreg Monroe
39.3%
SASDavid Lee
39.3%
MEMVince Carter
38.7%
ATLTim Hardaway
38.4%
TOR/ORLTerrence Ross
38.4%
GSWAndre Iguodala
37.3%
PHIRobert Covington
36.7%
HOUPatrick Beverley
36.7%
DENJamal Murray
36.4%
ATLKent Bazemore
36.4%
BRK/WASBojan Bogdanovic
36%
Team(s) Player % Correct
MILMalcolm Brogdon
35.4%
POR/DENMason Plumlee
35.2%
DENEmmanuel Mudiay
35.2%
LACAustin Rivers
35.2%
DENKenneth Faried
34.8%
PHIJahlil Okafor
34.6%
HOUNene
33.9%
SACRudy Gay
33.8%
DALWesley Matthews
33.6%
INDMonta Ellis
32.9%
MEMTony Allen
32.7%
CHOCody Zeller
32.1%
NOP/MILTerrence Jones
31.1%
PHOAlex Len
30.6%
UTARodney Hood
29.8%
OKC/PHI/ATLErsan Ilyasova
29.6%
PHOBrandon Knight
29.4%
SACDarren Collison
29%
TORDeMarre Carroll
28.7%
INDC.J. Miles
28.6%
CLEIman Shumpert
28.3%
CHOMichael Kidd-Gilchrist
28.3%
MINGorgui Dieng
27%
NYK/WASBrandon Jennings
26.4%
PHO/TORP.J. Tucker
26.2%
CHINikola Mirotic
25.7%
PHIT.J. McConnell
25.1%
CHI/OKCDoug McDermott
24.9%
BOSKelly Olynyk
24.6%
DENWill Barton
24%
DENJameer Nelson
23.8%
PORAl-Farouq Aminu
23.7%
PORAllen Crabbe
23.3%
PHOT.J. Warren
21.8%
PHOMarquese Chriss
20.5%
UTAJoe Ingles
20.4%
CHOFrank Kaminsky
20.2%
CLEChanning Frye
20%
PORMaurice Harkless
18.9%
TORCory Joseph
18.9%
MILMatthew Dellavedova
18.8%
TORNorman Powell
18.3%
MIAJosh Richardson
18.1%
BRKRondae Hollis-Jefferson
18%
SACTy Lawson
17.7%
SACWillie Cauley-Stein
16.6%
MILTony Snell
16.4%
NYKWilly Hernangomez
16.1%
LACRaymond Felton
14.9%
MINShabazz Muhammad
14.6%
LACMarreese Speights
14.6%
BRKSean Kilpatrick
14.6%
CHOJeremy Lamb
14.6%
MILMichael Beasley
13.5%
PHINik Stauskas
13.5%
PHIGerald Henderson
13.2%
CHOMarco Belinelli
12.2%
PHISergio Rodriguez
11.3%
NOPE'Twaun Moore
11.1%
DETJon Leuer
10.4%
BRKIsaiah Whitehead
9.4%
PHIRichaun Holmes
9.2%
NOP/SACLangston Galloway
8.5%
ORLD.J. Augustin
8.3%
MIAWayne Ellington
8.2%
MEMTroy Daniels
6.2%

You're not logged in!

Compare scores with friends on all Sporcle quizzes.
OR
Log In

You Might Also Like...

Show Comments

Extras

Top Quizzes Today


Score Distribution

Your Account Isn't Verified!

In order to create a playlist on Sporcle, you need to verify the email address you used during registration. Go to your Sporcle Settings to finish the process.

Report this User

Report this user for behavior that violates our Community Guidelines.

Details: